000 00426nam a2200181Ia 4500
005 20240823055134.0
008 240823s9999||||xx |||||||||||||| ||und||
041 _aENGLISH
082 _A658.001432 Q1
100 _aPuja Walia Mann
245 0 _aCase Studies in Management
250 _a1st
260 _c2011
_bMJP Publi
500 _aYES
650 _aManagement
_bManagement Studies
942 _cBK
999 _c228079
_d228079